Karta Pragi

Korporativní autor: Kartografie Praha (firma)
Jazyk: Ruština
Čeština
Vydáno: Praga : CzechTourism, 2015
Vydání: 1-e izdanije
Témata:
Fyzický popis: 1 mapa : barevná ; 45 x 66 cm, složeno na 23 x 11 cm
Language note: Místní jména česky, ruský text
Mapy
Uloženo v:
LEADER 01621nem a2200457 i 4500
001 nkc20152727170
003 CZ PrNK
005 20171107131300.0
007 aj canzn
008 160524s2015 xr z a 0 cze
015 |a cnb002727170 
020 |a 978-80-7513-093-8  |q (mapa) 
034 1 |a a  |b 15000 
040 |a ABA001  |b cze  |e rda 
041 0 |a cze  |a rus 
043 |a e-xr---  |b e-xr-pg  |2 czenas 
072 7 |a 913(437)  |x Geografie Česka a Slovenska, reálie, cestování  |2 Konspekt  |9 7 
072 7 |a 912  |x Mapy. Atlasy. Glóby  |2 Konspekt  |9 7 
080 |a 913:338.483.1  |2 MRF 
080 |a 913(437.311)  |2 MRF 
080 |a (084.3)911.375  |2 MRF 
245 0 0 |a Karta Pragi 
250 |a 1-e izdanije 
255 |a Měřítko 1:15 000 
264 1 |a Praga :  |b CzechTourism,  |c 2015 
300 |a 1 mapa :  |b barevná ;  |c 45 x 66 cm, složeno na 23 x 11 cm 
336 |a kartografický obraz  |b cri  |2 rdacontent 
337 |a bez média  |b n  |2 rdamedia 
338 |a list  |b nb  |2 rdacarrier 
500 |a Na rubu mapový výřez centra, turistické zajímavosti 
500 |a Mapový podklad Kartografie Praha 
546 |a Místní jména česky, ruský text 
650 0 7 |a turistické zajímavosti  |7 ph126800  |z Česko  |2 czenas 
651 7 |a Praha (Česko)  |7 ge118011  |2 czenas 
655 7 |a plány měst  |7 fd133027  |2 czenas 
710 2 |a Kartografie Praha (firma)  |7 kn20010724363  |4 ctg 
910 2 |a BOA001  |b Mp2-1372.433 
928 9 |a Česká centrála cestovního ruchu - CzechTourism 
990 |a MP 
995 |a 01 
996 6 |b 2610679114  |c Mp2-1372.433  |l MZK  |r Sklad / do 1 hodiny  |n 0  |p p.v.  |w 001574029  |u 000010  |a 1  |e BOA001  |j MZK50  |s P